The Making Of Modern South Africa: (Record no. 762288)

MARC details
000 -LEADER
fixed length control field 01228nam a2200277 b 4500
003 - CONTROL NUMBER IDENTIFIER
control field 3228
005 - DATE AND TIME OF LATEST TRANSACTION
control field 20260605130705.0
008 - FIXED-LENGTH DATA ELEMENTS--GENERAL INFORMATION
fixed length control field 070205s2007 maua b 001 0 eng d
020 ## - INTERNATIONAL STANDARD BOOK NUMBER
International Standard Book Number 9781405154291
Terms of availability Paperback (pbk)
040 ## - CATALOGING SOURCE
Original cataloging agency RDA
Language of cataloging E
Transcribing agency 3228
082 ## - DEWEY DECIMAL CLASSIFICATION NUMBER
Classification number 968 WORD
100 1# - MAIN ENTRY--PERSONAL NAME
Personal name Worden, Nigel,
Dates associated with a name 1955-
9 (RLIN) 185963
245 14 - TITLE STATEMENT
Title The Making Of Modern South Africa:
Remainder of title Conquest, Apartheid, Democracy
250 ## - EDITION STATEMENT
Edition statement Fourth edition.
260 ## - PUBLICATION, DISTRIBUTION, ETC.
Place of publication, distribution, etc. Malden:
Name of publisher, distributor, etc. Blackwell;
Date of publication, distribution, etc. 2007.
300 ## - PHYSICAL DESCRIPTION
Extent xviii, 198 pages. :
Other physical details illustrations., maps ;
Dimensions 23 cm.
440 #0 - SERIES STATEMENT/ADDED ENTRY--TITLE
Title Historical Association studies.
9 (RLIN) 185964
504 ## - BIBLIOGRAPHY, ETC. NOTE
Bibliography, etc. note Includes bibliographical references (p. [167]-189) and index.
505 0# - FORMATTED CONTENTS NOTE
Formatted contents note Introduction : the changing history of South Africa -- The conquest of the land -- Changes in town and countryside -- White supremacy, segregation and apartheid -- The heyday of apartheid -- The decline and fall of apartheid -- The 'New South Africa.'
650 #0 - SUBJECT ADDED ENTRY--TOPICAL TERM
Topical term or geographic name entry element Democracy
Geographic subdivision South Africa.
9 (RLIN) 185965
650 #0 - SUBJECT ADDED ENTRY--TOPICAL TERM
Topical term or geographic name entry element Politics and goverment
Geographic subdivision South Africa.
9 (RLIN) 180979
651 #0 - SUBJECT ADDED ENTRY--GEOGRAPHIC NAME
Geographic name South Africa
General subdivision History.
9 (RLIN) 130817
651 #0 - SUBJECT ADDED ENTRY--GEOGRAPHIC NAME
Geographic name South Africa
General subdivision Politics and government.
9 (RLIN) 130816
651 #0 - SUBJECT ADDED ENTRY--GEOGRAPHIC NAME
Geographic name Democracy
Geographic subdivision South Africa
9 (RLIN) 185966
942 ## - ADDED ENTRY ELEMENTS
Source of classification or shelving scheme Dewey Decimal Classification
item type Book
-- 190
-- Dudu Mondlane
Holdings
Withdrawn status Lost status Source of classification or shelving scheme Damaged status Not for loan Collection code Home library Current library Shelving location Date acquired Total Checkouts Full call number Barcode Date last seen Price effective from item type
    Dewey Decimal Classification     900: History & Geography Kanyamazane Kanyamazane General Stacks 05.06.2026   968 WORD 330012024808 05.06.2026 05.06.2026 Book
    Dewey Decimal Classification     900: History & Geography Kanyamazane Kanyamazane General Stacks 05.06.2026   968 WORD 33228023473166 05.06.2026 05.06.2026 Book
    Dewey Decimal Classification     900: History & Geography Kanyamazane Kanyamazane General Stacks 05.06.2026   968 WORD 3322830026560 05.06.2026 05.06.2026 Book